000 00469nam a2200193Ia 4500
005 20240823014320.0
008 240823s9999||||xx |||||||||||||| ||und||
020 _a81-85015-12-0
041 _aENGLISH
082 _A512.73 N8
100 _a"Apostal,Tom M"
245 0 _aIntroduction to Analytic Number Theory
250 _a1st
260 _c1989
_b"Narosa, New "
_aNew Delhi
500 _aYES
650 _aTheory
_bMathematics
942 _cBK
999 _c169732
_d169732